Spoločenská zodpovednosť sa od bánk očakáva

Téma udržateľnosti a spoločenskej zodpovednosti v bankovom sektore. Aktivity bánk smerom k zodpovednejšiemu a udržateľnejšiemu podnikaniu.

Salvato in:
Dettagli Bibliografici
Natura: Capitolo di libro
Lingua:ceco
Soggetti:
Tags: Aggiungi Tag
Nessun Tag, puoi essere il primo ad aggiungerne!!

MARC

LEADER 00000naa a2200000 4500
001 0303175
005 20240725093831.7
041 0 |a cze 
044 |a CZ 
245 1 0 |a Spoločenská zodpovednosť sa od bánk očakáva 
520 |a Téma udržateľnosti a spoločenskej zodpovednosti v bankovom sektore. Aktivity bánk smerom k zodpovednejšiemu a udržateľnejšiemu podnikaniu. 
610 2 0 |a banky 
610 2 0 |a zodpovednosť spoločenská 
610 2 0 |a reputácia podniku 
610 2 0 |a udržateľnosť 
610 2 0 |a environmentalistika 
610 2 0 |a dotazníky 
610 2 0 |a Slovensko 
610 2 0 |a Česko